Viaje sin mapas (Record no. 17285)

MARC details
000 -LEADER
campo de control de longitud fija 00838nam a2200277 i 4500
001 - NÚMERO DE CONTROL
campo de control 17285
003 - IDENTIFICADOR DE NÚMERO DE CONTROL
campo de control ES-MaACL
005 - FECHA Y HORA DE LA ÚLTIMA TRANSACCIÓN
campo de control 20230906151536.0
007 - CAMPO FIJO DE DESCRIPCIÓN FÍSICA--INFORMACIÓN GENERAL
campo de control de longitud fija t|
008 - DATOS DE LONGITUD FIJA--INFORMACIÓN GENERAL
campo de control de longitud fija 010124s1998 sp ||||0| spa j
020 ## - NÚMERO INTERNACIONAL ESTÁNDAR DEL LIBRO
Número Internacional Estándar del Libro 84-8307-158-4
040 ## - FUENTE DE CATALOGACIÓN
Centro catalogador/agencia de origen M-BN
Lengua de catalogación spa
Centro/agencia transcriptor M-BN
080 ## - NÚMERO DE LA CLASIFICACIÓN DECIMAL UNIVERSAL
Número de la Clasificación Decimal Universal 916.662
100 1# - ENTRADA PRINCIPAL--NOMBRE DE PERSONA
Nombre de persona Greene, Graham.
9 (RLIN) 59856
245 10 - MENCIÓN DEL TÍTULO
Título Viaje sin mapas
Resto del título : una aventura por el corazón de Liberia /
Mención de responsabilidad, etc. Graham Greene ; traducción de José Manuel Alvarez Flórez.
250 ## - MENCION DE EDICION
Mención de edición 1ª ed.
260 ## - PUBLICACIÓN, DISTRIBUCIÓN, ETC.
Lugar de publicación, distribución, etc. Barcelona :
Nombre del editor, distribuidor, etc. Península,
Fecha de publicación, distribución, etc. 1998.
300 ## - DESCRIPCIÓN FÍSICA
Extensión 340 p. ;
Dimensiones 21 cm.
490 1# - MENCIÓN DE SERIE
Mención de serie Altaïr viajes
651 #4 - PUNTO DE ACCESO ADICIONAL DE MATERIA--NOMBRE GEOGRÁFICO
Nombre geográfico Liberia-
Subdivisión general Descripción.
9 (RLIN) 8918
700 1# - ENTRADA AGREGADA--NOMBRE PERSONAL
Nombre de persona Álvarez Flórez, José Manuel.
9 (RLIN) 20809
830 0# - PUNTO DE ACCESO ADICIONAL DE SERIE-TÍTULO UNIFORME
Título uniforme Altaïr viajes
9 (RLIN) 180603
852 ## - LOCALIZACIÓN
Ubicación ES-MaACL
Número de control de estantería L-24155
Sublocalización o colección R.129271
Holdings
Estatus retirado Estado de pérdida Estado de daño No para préstamo Biblioteca de origen Biblioteca actual Ubicación en estantería Fecha de adquisición Fuente de adquisición Total de préstamos Signatura topográfica completa Código de barras Visto por última vez Precio de reemplazo Tipo de ítem Koha
        Biblioteca del Ateneo de Madrid Biblioteca del Ateneo de Madrid Depósito 2 17/01/2008     L-24155 1017636 23/02/2023 23/02/2023 Libro impreso